Physique - Chimie: les Centrales Électriques. - Statistiques

Statistiques générales
  • Ce quiz a été pris 203 fois
  • Le résultat moyen est 7 sur 8
Statistiques - réponses
Question Réponse % Correct
Quel élément, commun à toutes les centrales électriques, permet de transformer l'énergie cinétique en énergie électrique? L' Alternateur.
95%
Pour les deux questions suivantes, sélectionnez les caractéristiques correspondantes aux énergies renouvelables.1/2. Elles se reforment naturellement.
89%
Quel est le rôle joué par l'aimant au sein d'un alternateur? Le Rotor.
83%
Quelle construction pouvons - nous mettre en place sur une rivière afin de récolter à l'aide d'une plus grande facilité leurs eaux? Un Barrage.
83%
Quel élément fissons - nous en deux au sein d'un réacteur d'une centrale nucléaire, en projetant sur son noyau des électrons? De l' Uranium.
82%
Au contraire, quel élément joue le rôle du "Stator" dans l'alternateur? La Bobine fixe.
80%
2/2. Elles parviennent à se reformer plus rapidement que le vie d'un homme.
74%
Quelle est la forme d'énergie utilisée au sein des centrales thermiques classiques? L'Énergie Fossile.
69%
Aucun quiz correspondant
Distribution des résultats
% des personnes avec chaque résultat
Percentile par nombre de réponses
Votre historique - résultats
Vous n’avez pas pris ce quiz